<?xml version="1.0" encoding="UTF-8"?>
<record
    xmlns:xsi="http://www.w3.org/2001/XMLSchema-instance"
    xsi:schemaLocation="http://www.loc.gov/MARC21/slim http://www.loc.gov/standards/marcxml/schema/MARC21slim.xsd"
    xmlns="http://www.loc.gov/MARC21/slim">

  <leader>00678na  a2200229   4500</leader>
  <controlfield tag="001">16233</controlfield>
  <controlfield tag="003">MIRAKIL</controlfield>
  <controlfield tag="005">20181213154935.0</controlfield>
  <controlfield tag="008">161001b        tu            000 0      </controlfield>
  <datafield tag="040" ind1=" " ind2=" ">
    <subfield code="a">Milas</subfield>
    <subfield code="b">tur</subfield>
    <subfield code="c">TR-AnCHP</subfield>
  </datafield>
  <datafield tag="082" ind1=" " ind2=" ">
    <subfield code="a">956.602</subfield>
    <subfield code="b">K65m 1999</subfield>
  </datafield>
  <datafield tag="090" ind1=" " ind2=" ">
    <subfield code="a">956.602 K65m 1999</subfield>
  </datafield>
  <datafield tag="100" ind1=" " ind2=" ">
    <subfield code="a">Konuk&#xE7;u, Enver</subfield>
  </datafield>
  <datafield tag="245" ind1=" " ind2=" ">
    <subfield code="a">Mustafa Kemal Atat&#xFC;rk d&#xF6;neminde Erzurum</subfield>
    <subfield code="c">Enver Konuk&#xE7;u</subfield>
  </datafield>
  <datafield tag="260" ind1=" " ind2=" ">
    <subfield code="a">Erzurum</subfield>
    <subfield code="b">Erzurum Valili&#x11F;i</subfield>
    <subfield code="c">1999</subfield>
  </datafield>
  <datafield tag="300" ind1=" " ind2=" ">
    <subfield code="a">423 s.</subfield>
    <subfield code="b">fot&#x11F;.</subfield>
    <subfield code="c">25 sm.</subfield>
  </datafield>
  <datafield tag="504" ind1=" " ind2=" ">
    <subfield code="a">Kaynak&#xE7;a var.</subfield>
  </datafield>
  <datafield tag="650" ind1=" " ind2=" ">
    <subfield code="a">Milli M&#xFC;cadele d&#xF6;nemi</subfield>
    <subfield code="x">Tarih</subfield>
    <subfield code="z">Erzurum</subfield>
  </datafield>
  <datafield tag="650" ind1=" " ind2=" ">
    <subfield code="a">Cumhuriyet d&#xF6;nemi</subfield>
    <subfield code="x">Tarih</subfield>
    <subfield code="z">Erzurum</subfield>
  </datafield>
  <datafield tag="651" ind1=" " ind2=" ">
    <subfield code="a">Erzurum</subfield>
    <subfield code="x">Tarih</subfield>
    <subfield code="y">1918-1938</subfield>
  </datafield>
  <datafield tag="942" ind1=" " ind2=" ">
    <subfield code="2">ddc</subfield>
    <subfield code="c">BKS</subfield>
  </datafield>
  <datafield tag="952" ind1=" " ind2=" ">
    <subfield code="a">0001</subfield>
    <subfield code="b">0001</subfield>
    <subfield code="d">2016-10-01</subfield>
    <subfield code="e">2</subfield>
    <subfield code="l">0</subfield>
    <subfield code="o">956.602 K65m 1999</subfield>
    <subfield code="p">005137</subfield>
    <subfield code="r">2016-10-01 00:00:00</subfield>
    <subfield code="v">0.00</subfield>
    <subfield code="w">2016-10-01</subfield>
    <subfield code="y">BKS</subfield>
  </datafield>
  <datafield tag="999" ind1=" " ind2=" ">
    <subfield code="c">3535</subfield>
    <subfield code="d">3535</subfield>
  </datafield>
</record>
